<?xml version="1.0" encoding="UTF-8"?>
<record
    xmlns:xsi="http://www.w3.org/2001/XMLSchema-instance"
    xsi:schemaLocation="http://www.loc.gov/MARC21/slim http://www.loc.gov/standards/marcxml/schema/MARC21slim.xsd"
    xmlns="http://www.loc.gov/MARC21/slim">

  <leader>00546nam a22001817a 4500</leader>
  <controlfield tag="005">20250416150251.0</controlfield>
  <controlfield tag="008">250409b        |||||||| |||| 00| 0 eng d</controlfield>
  <datafield tag="020" ind1=" " ind2=" ">
    <subfield code="a">9781787151031</subfield>
  </datafield>
  <datafield tag="041" ind1=" " ind2=" ">
    <subfield code="a">eng</subfield>
  </datafield>
  <datafield tag="082" ind1=" " ind2=" ">
    <subfield code="a">025.0422 THO</subfield>
  </datafield>
  <datafield tag="100" ind1=" " ind2=" ">
    <subfield code="a">Thomas, Jimmy</subfield>
  </datafield>
  <datafield tag="245" ind1=" " ind2=" ">
    <subfield code="a">Mobile Technologies in Libraries</subfield>
  </datafield>
  <datafield tag="260" ind1=" " ind2=" ">
    <subfield code="a">UK</subfield>
    <subfield code="b">Kruger Brentt Publisher Uk. Ltd.,</subfield>
    <subfield code="c">2023</subfield>
  </datafield>
  <datafield tag="300" ind1=" " ind2=" ">
    <subfield code="a">335; pages 25 cm</subfield>
  </datafield>
  <datafield tag="650" ind1=" " ind2=" ">
    <subfield code="a">Mobile Communication Systems ; Library Applications; Libraries Information Technology. </subfield>
  </datafield>
  <datafield tag="700" ind1=" " ind2=" ">
    <subfield code="a">Tremblay, Nicholas</subfield>
  </datafield>
  <datafield tag="942" ind1=" " ind2=" ">
    <subfield code="c">BK</subfield>
  </datafield>
  <datafield tag="999" ind1=" " ind2=" ">
    <subfield code="c">43609</subfield>
    <subfield code="d">43609</subfield>
  </datafield>
  <datafield tag="952" ind1=" " ind2=" ">
    <subfield code="0">0</subfield>
    <subfield code="1">0</subfield>
    <subfield code="2">ddc</subfield>
    <subfield code="4">0</subfield>
    <subfield code="7">0</subfield>
    <subfield code="a">IMTN</subfield>
    <subfield code="b">IMTN</subfield>
    <subfield code="c">Rack 2-B</subfield>
    <subfield code="d">2025-03-28</subfield>
    <subfield code="e">Raghav Books Private Limited</subfield>
    <subfield code="g">9905.70</subfield>
    <subfield code="i">2374</subfield>
    <subfield code="o">025.0422 THO</subfield>
    <subfield code="p">33866</subfield>
    <subfield code="r">2025-04-09 00:00:00</subfield>
    <subfield code="t">33</subfield>
    <subfield code="w">2025-02-14</subfield>
    <subfield code="y">BK</subfield>
    <subfield code="z">Dr Mantha Raghu (Head Librarian)</subfield>
  </datafield>
</record>
